LEADER 03128nam0 2200529 i 450 001 BVEE017345 005 20170908093205.0 012 $aosto ,&em eaq, EtMo (3) 1550 (R)$2fei 100 $a20060320d1550 ||||0itac50 ba 101 | $alat 102 $ait 181 1$6z01$ai $bxxxe 182 1$6z01$an 200 1 $a˜Aeliani œDe varia historia libros 14 Iacobus Laureus Venetus è Graeco in Latinum vertebat. Adiuncta est et ode Pindari, quae inscribitur in Hieronem Celete. ab eodem heroico carmine donata. Cum indice copiosissimo rerum notabilium, quae in eis leguntur 210 $aIn Vinetia$cappresso Gabriel Giolito di Ferrari$d1550 215 $a104 c.$d8º 300 $aNumeri romani nel titolo 300 $aMarca (Z538) sul front 300 $aCors. ; gr. ; rom 300 $aSegn.: A-N 8 300 $aIniziali e fregi xil. 316 $a1 esemplare. Legatura in mezza pergamena, tit. ms sul dorso; taglio spruzzato. Sul front.: Timbro tondo araldico (leone rampante coronato).$5IT-NA0120, NICOLINI XVI 0038 316 $a1 v. - Sul front., timbri "Direzione degli scavi e monumenti – Napoli" e "Bibliotheca Conventus S. Dominici Majoris".$5IT-NA0226, SOPPALCO F. A. 1. 42 500 10$aVaria historia$3RMS0050736$9TO0V031311$919459 620 $dVenezia$3SBLL003553 700 1$aAelianus$b, Claudius$3TO0V031311$4070$0168537 702 1$aLorio$b, Jacopo$f $3BVEV047057 702 0$aPindarus$3CFIV071419 712 02$aGiolito de Ferrari, Gabriele$3BVEV017412$4650 790 1$aLaureus$b, Iacobus$3BVEV047063$zLorio, Jacopo 790 1$aLaureo$b, Iacopo$3VEAV457366$zLorio, Jacopo 790 0$aPindaro$3CFIV082085$zPindarus 790 0$aPyndarus$3PUVV321646$zPindarus 790 0$aEliano$3CFIV160369$zAelianus, Claudius 790 0$aAelian$3MILV187818$zAelianus, Claudius 790 1$aEliano$b, Claudio$3PUVV160938$zAelianus, Claudius 790 0$aAelianus$3UBOV129278$zAelianus, Claudius 791 02$aGiolito de Ferrari, Cabriele$3CFIV231408$zGiolito de Ferrari, Gabriele 801 3$aIT$bIT-NA0079$c20060320 850 $aIT-NA0120$aIT-NA0226 912 $aBVEE017345 921 $aBVEM000625$bFenice su fiamme che si sprigionano da anfora (iniz. G.G.F.),su base con sottoscriz. Ai lati 2 diavoli. Motti: De la mia morte eterna vita io vivo. Semper eadem$cZ538$dSul front. 950 0$aIstituto italiano per gli studi storici$c1 v.$d CRNICOLINI XVI 0038$e CR 0000437875 B 1 esemplare. Legatura in mezza pergamena, tit. ms sul dorso; taglio spruzzato. Sul front.: Timbro tondo araldico (leone rampante coronato).$fZ $h20060320$i20060320 950 0$aBiblioteca del Museo Archeologico Nazionale di Napoli$c1 v.$d NCSOPPALCO F. A. 1. 42$e NC 0000383975 B 1 v. - Sul front., timbri "Direzione degli scavi e monumenti – Napoli" e "Bibliotheca Conventus S. Dominici Majoris".$fZ $h20151215$i20151215 977 $a CR$a NC 996 $aVaria historia$919459 997 $aUNISANNIO LEADER 03161nam 2200649 a 450 001 9910451735303321 005 20200520144314.0 010 $a1-281-37824-0 010 $a9786611378240 010 $a1-84800-157-6 024 7 $a10.1007/978-1-84800-157-2 035 $a(CKB)1000000000492191 035 $a(EBL)371819 035 $a(OCoLC)272298689 035 $a(SSID)ssj0000154493 035 $a(PQKBManifestationID)11179391 035 $a(PQKBTitleCode)TC0000154493 035 $a(PQKBWorkID)10408554 035 $a(PQKB)11233597 035 $a(DE-He213)978-1-84800-157-2 035 $a(MiAaPQ)EBC371819 035 $a(PPN)127047077 035 $a(Au-PeEL)EBL371819 035 $a(CaPaEBR)ebr10501579 035 $a(CaONFJC)MIL137824 035 $a(EXLCZ)991000000000492191 100 $a20080122d2008 uy 0 101 0 $aeng 135 $aur|n|---||||| 181 $ctxt 182 $cc 183 $acr 200 10$aField guide to meteors and meteorites$b[electronic resource] /$fO. Richard Norton, Lawrence A. Chitwood 205 $a1st ed. 2008. 210 $aLondon $cSpringer$dc2008 215 $a1 online resource (292 p.) 225 1 $aPatrick Moore's practical astronomy series,$x1617-7185 300 $aIncludes indexes. 311 $a1-84800-156-8 327 $apt. 1. Ancient fragments of the solar system -- pt. 2. The family of meteorites -- pt. 3. Collecting and analyzing meteorites. 330 $aImagine the unique experience of being the very first person to hold a newly-found meteorite in your hand ? a rock from space, older than Earth! "Weekend meteorite hunting" with magnets and metal detectors is becoming ever more popular as a pastime, but of course you can?t just walk around and pick up meteorites in the same way that you can pick up seashells on the beach. Those fragments that survived the intense heat of re-entry tend to disguise themselves as natural rocks over time, and it takes a trained eye ? along with the information in this book ? to recognize them. Just as amateur astronomers are familiar with the telescopes and accessories needed to study a celestial object, amateur meteoriticists have to use equipment ranging from simple hand lenses to microscopes to study a specimen, to identify its type and origins. Equipment and techniques are covered in detail here of course, along with a complete and fully illustrated guide to what you might find and where you might find it. In fact, the Field Guide to Meteors and Meteorites contains pretty much everything an amateur astronomer ? or geologist ? needs to know about meteors and meteorites. 410 0$aPatrick Moore's practical astronomy series. 606 $aMeteors 606 $aAstrogeology 608 $aElectronic books. 615 0$aMeteors. 615 0$aAstrogeology. 676 $a523.51 700 $aNorton$b O. Richard$0992724 701 $aChitwood$b Lawrence A$0992725 801 0$bMiAaPQ 801 1$bMiAaPQ 801 2$bMiAaPQ 906 $aBOOK 912 $a9910451735303321 996 $aField guide to meteors and meteorites$92273197 997 $aUNINA